000 01102nam0a2200337 4500
001 RU\NLR\BIBL_A\022541622
005 20260313120151.0
010 _a5-7900-0401-6
035 _a(NLR Aleph) 022541622
090 _a13429495
_c13429495
100 _a20250515d1991 e y0rusy50 ca
101 0 _alit
102 _aLT
105 _ac z 000gy
181 0 _ai3
_baxxe
182 0 _an
200 1 _aŽemė
_enaujosios lietuvių poezijos antologija
_fredagavo Kazys Bradūnas
_gįvadą parašė Juozas Girnius
203 _aТекст
_bвизуальный
_cнепосредственный
205 _a2-asis leid.
210 _aVilnius
_cVyturys
_d1991
215 _a173, [1] c.
_cпортр.
_d22
320 _aБиблиогр.: с. 167
541 1 _a[Земля
_eантология новой литовской поэзии]
_zrus
686 1 _aШ6(4Ли)-5я43
702 1 _aBradūnas
_bK.
_f1917-2009
_gKazys
_4340
942 _cBOOK
980 _aNB